| 000 | 00504nam a2200217Ia 4500 | ||
|---|---|---|---|
| 008 | 210210b2006 xxu||||| |||| 00| 0 eng d | ||
| 020 | _a8183760430 | ||
| 041 | _aeng | ||
| 082 | _a323.4 JATS | ||
| 100 | _aJATAVA (D R) | ||
| 245 | _aSocial justice: in indian perspective | ||
| 260 |
_aJAIPUR _bABD Publishers _c2006 |
||
| 300 | _aix,251 | ||
| 650 | _aSocial | ||
| 650 | _aperspective | ||
| 650 | _ajustice: | ||
| 650 | _aindian | ||
| 650 | _ain | ||
| 690 | _aCivil Rights | ||
| 906 | _a066544 | ||
| 999 |
_c147973 _d147973 |
||